|
|
|
|
| LEADER |
00000cam a2200000 7i4500 |
| 001 |
0000089430 |
| 005 |
20160629093000.0 |
| 008 |
160307s2007 my may |
| 020 |
|
|
|a 9789833759101
|
| 050 |
0 |
0 |
|a N7325
|b .A36 2007
|
| 090 |
0 |
0 |
|a N7325
|b .A36 2007
|
| 100 |
0 |
|
|a Ahmad Suhaimi Mohd. Noor ,
|e author
|
| 245 |
1 |
0 |
|a Sejarah kesedaran visual di Malaya
|c Ahmad Suhaimi Mohd. Noor
|
| 260 |
|
|
|a Tanjong Malim, Perak :
|b Universiti Pendidikan Sultan Idris ,
|c 2007
|
| 300 |
|
|
|a x, 245 p. :
|b ill. ;
|c 23 cm.
|
| 504 |
|
|
|a Includes bibliographical references (p. [221]-238) and index
|
| 505 |
0 |
|
|a 1. Pengenalan -- 2. Perkembangan ilustrasi di Malaya abad ke-19 -- 3. Perkembangan ilustrasi di Malaya abad ke-20 -- 4. Artikel dan berita seni abad ke-19 -- 5. Polemik, artikel dan berita seni abad ke-20 -- 6. Muzium dan galeri -- 7. Pertubuhan dan persatuan seni -- 8. Kesedaran visual dan implikasinya
|
| 650 |
1 |
0 |
|a Art
|z Malaya
|x History
|
| 650 |
1 |
0 |
|a Illustrators
|z Malaya
|
| 999 |
|
|
|a 1000165988
|b Book
|c OPEN SHELF (30 DAYS)
|e Gong Badak Campus
|